000 02426cam a2200325 a 4500
001 802
005 20230824105447.0
008 100323s2011 nyua j 001 0 eng
020 _a9780545384865
040 _aDLC
_cDLC
_beng
050 0 0 _aQL666.O6
_bO73 2011
082 0 0 _a597.9
_222
100 1 _aOsborne, Mary Pope.
245 1 0 _aSnakes and other reptiles /
_cby Mary Pope Osborne and Natalie Pope Boyce ; illustrated by Sal Murdocca.
250 _aThis edition first printing , February 2012
260 _aNew York :
_c2011
300 _a120 pages :
_billustrations ;
_c20 cm
490 0 _aMagic tree house fact tracker
_vBook 45
500 _aIncludes index.
505 _aS
520 _aThe #1 bestselling chapter book series of all time celebrates 25 years with new covers and a new, easy-to-use numbering system! Getting the facts behind the fiction has never looked better. Track the facts with Jack and Annie!! When Jack and Annie got back from their adventure in Magic Tree House Merlin Mission #17: A Crazy Day with Cobras, they had lots of questions. Can snakes really be charmed? What reptile has the deadliest venom? What do Komodo dragons eat? How do you tell alligators and crocodiles apart? Find out the answers to these questions and more as Jack and Annie track the facts. Filled with up-to-date information, photos, illustrations, and fun tidbits from Jack and Annie, the Magic Tree House Fact Trackers are the perfect way for kids to find out more about the topics they discovered in their favorite Magic Tree House adventures. And teachers can use Fact Trackers alongside their Magic Tree House fiction companions to meet common core text pairing needs. Did you know that there's a Magic Tree House book for every kid? Magic Tree House: Adventures with Jack and Annie, perfect for readers who are just beginning chapter books Merlin Missions: More challenging adventures for the experienced reader Super Edition: A longer and more dangerous adventure Fact Trackers: Nonfiction companions to your favorite Magic Tree House adventures Have more fun with Jack and Annie at MagicTreeHouse.com!
521 _a800
_bLexile
521 _aS
_bRaz-Plus
650 0 _aSnakes
_vNon-fiction.
650 0 _aReptiles
_vNon-fictions.
700 1 _aBoyce, Natalie Pope
700 1 _aMurdocca, Sal
_eillustrator
906 _a7
_bcbc
_corignew
_d1
_eecip
_f20
_gy-gencatlg
942 _2ddc
_cBK
_n0
999 _c802
_d802